[Event "Pozarevac Rudar FM2 12"]
[Site "Pozarevac"]
[Date "2024.12.15"]
[Round "7"]
[White "Li, Zhanjia"]
[Black "Popchev, Milko"]
[Result "0-1"]
[WhiteElo "1855"]
[BlackElo "2152"]
[PlyCount "116"]
[EventDate "2024.12.10"]
[EventType "tourn"]
[EventRounds "9"]
[EventCountry "SRB"]
[SourceTitle "CB04_2025"]
[SourceDate "2025.01.22"]
[SourceVersion "1"]
[SourceVersionDate "2025.01.22"]
[SourceQuality "1"]

1. d4 Nf6 2. c4 c5 3. d5 e5 4. Nc3 d6 5. e4 Be7 6. Bd3 0-0 7. Nge2 Nh5 8. 0-0 Bg5 9. Be3 Bxe3 10. fxe3 g6 11. Rb1 Na6 12. a3 Bd7 13. Bc2 Qg5 14. Qd2 Rab8 15. Rf2 b6 16. b4 Nf6 17. Ng3 h5 18. Nf1 h4 19. Bd1 Nc7 20. Qd3 Kg7 21. Rfb2 Na6 22. Ba4 Bh3 23. Rd2 Nc7 24. Kh1 Bg4 25. Bd1 h3 26. g3 Bd7 27. bxc5 bxc5 28. Rdb2 Rxb2 29. Rxb2 Bc8 30. Qc2 Ng4 31. Rb8 Ba6 32. Rxf8 Kxf8 33. Be2 Kg7 34. Kg1 Bc8 35. Qb2 Ne8 36. Qd2 Bd7 37. Bd1 Nef6 38. Qd3 a6 39. Ba4 Bc8 40. Bd1 Nh7 41. Be2 Qf6 42. Nd1 Ng5 43. Nd2 Qe7 44. Qb3 Qc7 45. Qc3 Bd7 46. Nf2 Nf6 47. Bd1 Qb6 48. Kf1 Qb8 49. Kg1 Qc8 50. Qb3 Bg4 51. Nxg4 Nxg4 52. Be2 Nf6 53. Qd3 Qc7 54. Kf2 Qa5 55. Bd1 Qxd2+ 56. Qxd2 Nfxe4+ 57. Ke1 Nxd2 58. Kxd2 f5 0-1

[Event "Pozarevac Rudar FM2 12"]
[Site "Pozarevac"]
[Date "2024.12.13"]
[Round "4"]
[White "Milunovic, Toni"]
[Black "Li, Zhanjia"]
[Result "1/2-1/2"]
[WhiteElo "2072"]
[BlackElo "1855"]
[PlyCount "105"]
[EventDate "2024.12.10"]
[EventType "tourn"]
[EventRounds "9"]
[EventCountry "SRB"]
[SourceTitle "CB04_2025"]
[SourceDate "2025.01.22"]
[SourceVersion "1"]
[SourceVersionDate "2025.01.22"]
[SourceQuality "1"]

1. d4 d5 2. Bf4 Nf6 3. e3 c5 4. c3 Nc6 5. Nd2 e6 6. Bg3 Bd6 7. Ngf3 Bxg3 8. hxg3 Qd6 9. Bb5 Bd7 10. Bxc6 Bxc6 11. Ne5 h6 12. g4 Rf8 13. a4 Nd7 14. Nxd7 Bxd7 15. Qb3 cxd4 16. cxd4 Qa6 17. f3 0-0-0 18. Kf2 Kb8 19. Qb4 Rfe8 20. a5 Qb5 21. Qa3 Bc8 22. Rac1 f6 23. Qc5 Qxc5 24. Rxc5 Bd7 25. Rhc1 Rc8 26. e4 dxe4 27. Nxe4 b6 28. axb6 axb6 29. R5c3 Rxc3 30. Rxc3 Rc8 31. Ke3 Rc7 32. g3 Ra7 33. Rc1 Ra2 34. Rb1 Ra4 35. f4 Rb4 36. g5 Rb3+ 37. Nc3 hxg5 38. fxg5 fxg5 39. Ke4 b5 40. Ke5 b4 41. Ne4 Re3 42. Kd6 Rxe4 43. Kxd7 Rxd4+ 44. Kxe6 Rd3 45. g4 Rf3 46. Rh1 Rf4 47. Rh7 Rxg4 48. Rxg7 Rg2 49. Kf5 Rxb2 50. Rxg5 Kc7 51. Ke4 Kc6 52. Kd3 Rb1 53. Kc2 1/2-1/2

[Event "Pozarevac Rudar FM 12"]
[Site "Pozarevac"]
[Date "2024.12.07"]
[Round "7"]
[White "Li, Zhanjia"]
[Black "Milunovic, Toni"]
[Result "1/2-1/2"]
[WhiteElo "1855"]
[BlackElo "2072"]
[PlyCount "39"]
[EventDate "2024.12.02"]
[EventType "tourn"]
[EventRounds "9"]
[EventCountry "SRB"]
[SourceTitle "CB50_2024"]
[SourceDate "2024.11.01"]
[SourceVersion "1"]
[SourceVersionDate "2024.11.01"]
[SourceQuality "2"]

1. e4 c5 2. Nf3 Nc6 3. d4 cxd4 4. Nxd4 Nf6 5. Nc3 d6 6. Be2 e6 7. 0-0 Be7 8. Kh1 a6 9. Nxc6 bxc6 10. f4 0-0 11. e5 Ne8 12. Bd3 g6 13. Ne4 d5 14. Ng5 h6 15. Nf3 Kg7 16. Qe2 Rh8 17. Qf2 h5 18. h3 a5 19. Be3 Qc7 20. Rg1 1/2-1/2

[Event "Pozarevac Rudar FM 12"]
[Site "Pozarevac"]
[Date "2024.12.07"]
[Round "6"]
[White "Tosic, Nebojsa"]
[Black "Li, Zhanjia"]
[Result "0-1"]
[WhiteElo "2050"]
[BlackElo "1855"]
[PlyCount "80"]
[EventDate "2024.12.02"]
[EventType "tourn"]
[EventRounds "9"]
[EventCountry "SRB"]
[SourceTitle "CB50_2024"]
[SourceDate "2024.11.01"]
[SourceVersion "1"]
[SourceVersionDate "2024.11.01"]
[SourceQuality "2"]

1. d4 Nf6 2. Nc3 d5 3. Bf4 c6 4. Qd2 Bf5 5. e3 e6 6. f3 Bd6 7. g4 Bg6 8. Nge2 h6 9. h4 Bh7 10. Ng3 Bxf4 11. exf4 Qd6 12. g5 Ng8 13. 0-0-0 Nd7 14. Nh5 Qf8 15. Na4 Bf5 16. Ng3 Bh7 17. f5 Bxf5 18. Nxf5 exf5 19. Re1+ Kd8 20. Bd3 Qd6 21. Bxf5 b6 22. Rh2 Ne7 23. Bxd7 Kxd7 24. Rhe2 Nf5 25. Re5 g6 26. Qe2 hxg5 27. hxg5 Rh4 28. Re8 Qf4+ 29. Kb1 Rh2 30. Rxa8 Rxe2 31. Rxa7+ Kd6 32. Rxe2 Qxd4 33. Re1 b5 34. Rxf7 bxa4 35. Rf6+ Kc5 36. Rxg6 a3 37. bxa3 Qd2 38. Rc1 Ne3 39. Rg8 Nc4 40. Rb8 Qc3 0-1

[Event "Shenzhen Guangming"]
[Site "Shenzhen"]
[Date "2024.10.27"]
[Round "3"]
[White "Li, Zhanjia"]
[Black "Gao, Muziyan"]
[Result "0-1"]
[WhiteElo "1859"]
[BlackElo "2093"]
[PlyCount "66"]
[EventDate "2024.10.26"]
[EventType "swiss"]
[EventRounds "9"]
[EventCountry "CHN"]
[SourceTitle "CB45_2024"]
[Source "ChessBase"]
[SourceDate "2024.11.06"]
[SourceVersion "1"]
[SourceVersionDate "2024.11.06"]
[SourceQuality "1"]

1. d4 Nf6 2. c4 e6 3. Nc3 Bb4 4. e3 b6 5. Bd3 Bb7 6. Nf3 0-0 7. 0-0 Bxc3 8. bxc3 d6 9. Nd2 e5 10. Qc2 Re8 11. e4 Nc6 12. d5 Ne7 13. f4 exf4 14. Nb3 Ng6 15. Bxf4 Ng4 16. Nd4 N4e5 17. Bg3 Ba6 18. Qe2 Qd7 19. a4 Bc8 20. a5 Qe7 21. Bc2 Bg4 22. Nf3 Nxf3+ 23. gxf3 Bh3 24. Rfe1 h5 25. e5 h4 26. Bxg6 hxg3 27. e6 fxg6 28. hxg3 g5 29. g4 Qf6 30. Qe4 Re7 31. Ra2 Rf8 32. Re3 Qh6 33. Rh2 Qh4 0-1

[Event "Tianjin Binhai Cup-B 3rd"]
[Site "Tianjin"]
[Date "2023.08.22"]
[Round "4"]
[White "Wu, Yachen"]
[Black "Li, Zhanjia"]
[Result "1/2-1/2"]
[WhiteElo "1489"]
[BlackElo "1725"]
[PlyCount "77"]
[EventDate "2023.08.20"]
[EventType "swiss"]
[EventRounds "9"]
[EventCountry "CHN"]
[SourceTitle "CBM 216 Extra"]
[Source "ChessBase"]
[SourceDate "2023.11.30"]
[SourceVersion "1"]
[SourceVersionDate "2023.11.30"]
[SourceQuality "1"]

1. e4 e5 2. Nf3 Nf6 3. Nxe5 d6 4. Nf3 Nxe4 5. Qe2 Qe7 6. d3 Nf6 7. Bg5 Nbd7 8. Nc3 h6 9. Be3 Nb6 10. 0-0-0 Be6 11. g3 0-0-0 12. Bg2 Qd7 13. Nd4 Bh3 14. f3 Bxg2 15. Qxg2 d5 16. Bf2 c5 17. Nb3 Na4 18. Nxa4 Qxa4 19. Kb1 Qc6 20. f4 Bd6 21. Rhe1 Rhe8 22. a3 Kc7 23. Rxe8 Rxe8 24. Re1 Rxe1+ 25. Bxe1 Qe8 26. Bd2 Qe6 27. Nc1 Qg4 28. b4 b6 29. Bc3 d4 30. bxc5 Bxc5 31. Bb2 Qd7 32. Nb3 Kb8 33. Qe2 Ng4 34. Bxd4 Bxd4 35. Nxd4 Qxd4 36. Qxg4 Qg1+ 37. Kb2 Qd4+ 38. Kb1 Qg1+ 39. Kb2 1/2-1/2

[Event "CHN-chT"]
[Site "Hangzhou"]
[Date "2023.05.22"]
[Round "4.2"]
[White "Chen, Yuan1"]
[Black "Li, Zhanjia"]
[Result "1-0"]
[WhiteElo "2100"]
[BlackElo "1770"]
[PlyCount "103"]
[EventDate "2023.05.19"]
[EventType "team-swiss"]
[EventRounds "9"]
[EventCountry "CHN"]
[SourceTitle "CBM 214 Extra"]
[Source "ChessBase"]
[SourceDate "2023.07.31"]
[SourceVersion "1"]
[SourceVersionDate "2023.07.31"]
[SourceQuality "1"]
[WhiteTeam "Zhejiang"]
[BlackTeam "Hebei"]
[WhiteTeamCountry "CHN"]
[BlackTeamCountry "CHN"]

1. d4 d5 2. Nf3 Nf6 3. c4 e6 4. g3 Be7 5. Bg2 0-0 6. 0-0 dxc4 7. Qa4 a6 8. Qxc4 b5 9. Qc2 Bb7 10. Bf4 Nc6 11. Rd1 Nb4 12. Qc1 Nbd5 13. Be5 Rc8 14. Bxf6 Nxf6 15. Nc3 c5 16. dxc5 Qa5 17. a3 Bxc5 18. Qf4 Qc7 19. Qxc7 Rxc7 20. Ne5 Bxg2 21. Kxg2 Rfc8 22. Rd3 g6 23. g4 g5 24. e3 h6 25. h3 Kf8 26. Kf3 Ke7 27. Kg2 Nd7 28. Nxd7 Rxd7 29. Rxd7+ Kxd7 30. Ne4 Be7 31. Rd1+ Kc6 32. f4 Rd8 33. Rc1+ Kd5 34. Kf3 f5 35. Ng3 Rf8 36. gxf5 gxf4 37. Rd1+ Kc4 38. Kxf4 exf5 39. Nxf5 Bg5+ 40. Kg4 Rg8 41. Kf3 Kb3 42. Rd6 Rf8 43. Ke4 Rf6 44. Rd2 Re6+ 45. Kd3 Re8 46. Rf2 Rd8+ 47. Nd4+ Ka2 48. Re2 Bxe3 49. b3+ Kxa3 50. Rxe3 Kb4 51. Re6 Kc5 52. Rc6+ 1-0

[Event "CHN-chTB"]
[Site "Hefei"]
[Date "2023.04.18"]
[Round "3"]
[White "Li, Zhanjia"]
[Black "Xu, Chang2"]
[Result "1-0"]
[WhiteElo "1667"]
[BlackElo "1614"]
[PlyCount "51"]
[EventDate "2023.04.17"]
[EventType "team-swiss"]
[EventRounds "9"]
[EventCountry "CHN"]
[SourceTitle "EXT 2024"]
[Source "ChessBase"]
[SourceDate "2023.10.10"]
[SourceVersion "1"]
[SourceVersionDate "2023.10.10"]
[SourceQuality "1"]
[WhiteTeam "Hebei"]
[BlackTeam "Chongqing Jiulongpo"]
[WhiteTeamCountry "CHN"]
[BlackTeamCountry "CHN"]

1. e4 e6 2. d4 d5 3. Nd2 Nf6 4. e5 Nfd7 5. Bd3 c5 6. c3 Nc6 7. Ne2 cxd4 8. cxd4 f6 9. exf6 Nxf6 10. Nf3 Bd6 11. 0-0 0-0 12. Bg5 e5 13. dxe5 Nxe5 14. Nxe5 Bxe5 15. Qd2 Qb6 16. Nc3 Be6 17. Rae1 Nd7 18. Bb1 d4 19. Ne2 Rae8 20. Nf4 Bc4 21. Qc2 Rxf4 22. Qxc4+ Rf7 23. f4 d3+ 24. Kh1 Ref8 25. fxe5 Qb5 26. Bxd3 1-0